000 00424nam a2200157Ia 4500
008 230917s9999||||xx |||||||||||||| ||und||
040 _e45198
_aMAIN
041 _aEnglish
082 _a810.9 S45A
100 _aStern, Milton R, ed
245 0 _aAmerican literature survey: the twentieth century
250 _a3rd rev & expanded ed
260 _aNew Delhi
_bViking Press
_c1975
300 _axxxi p. ; 639
942 _cBK
999 _c182652
_d182652